000
00328nam a2200133Ia 4500
008
191201s2005 xx 000 0 und d
100
_a
Gupta, J B
245
0
_a
Electronic Devices and Circuts
250
_a
2nd
260
_a
N.Delhi
_b
S K Kataria and Sons
_c
2005
300
_a
1209
650
_a
B.Tech(ECE)
942
_2
ddc
_c
BK
_0
2
999
_c
1371
_d
1371